La novela histórica en Colombia: 1844-1959

Saved in:
Bibliografiske detaljer
Hovedforfatter: McGrady, Donald (autor)
Format: Bog
Sprog:spansk
Udgivet: Bogotá Kelly 1962
Fag:
Tags: Tilføj Tag
Ingen Tags, Vær først til at tagge denne postø!

MARC

LEADER 00000nam a2200000 a 4500
001 UCQ6545
003 CL-VaPUC
008 981016e19620000CK |||||||||||||||||spa|d
082 0 4 |a Co863.09  |b MCG  |2 21 
100 |a McGrady, Donald  |e autor  |9 420449 
245 1 3 |a La novela histórica en Colombia: 1844-1959 
300 |a 189 p 
942 |c BK 
945 |d 19981016 00:00:00  |a crobeson 
260 |a Bogotá  |b Kelly  |c 1962 
650 0 |a Novela colombiana  |9 318718 
650 0 |a Literatura colombiana   |9 315578 
650 0 |a Historia y crítica   |9 257407 
583 |a last modification  |c 19981016 00:00:00  |k Rodrigo Vera 
999 |c 276495  |d 276493 
952 |0 0  |1 0  |4 0  |6 CO_863_090000000000000_MCG_1962  |7 0  |8 A  |9 313764  |a BIBEDU  |b BIBEDU  |d 2019-11-20  |i 1484044  |o Co863.09 MCG 1962  |p 1484044  |r 2019-11-20  |w 2019-11-20  |y BK  |k LIT